<The> Effect of ethics on banks' financial performance
Pohľad na danú tému z teoretického a empirického hľadiska. Identifikácia a porovnanie 69 etických bánk s konvenčnými bankami v oblasti aktív, volatility a návratnosti. Skúmanie hypotézy o vyššej ziskovosti etických bánk.
Gespeichert in:
| 1. Verfasser: | |
|---|---|
| Weitere Verfasser: | |
| Format: | Buchkapitel |
| Sprache: | Englisch |
| Schlagworte: | |
| Tags: |
Keine Tags, Fügen Sie das erste Tag hinzu!
|
MARC
| LEADER | 00000naa a2200000 4500 | ||
|---|---|---|---|
| 001 | 0234364 | ||
| 005 | 20220805080017.1 | ||
| 041 | 0 | |a eng | |
| 044 | |a CZ | ||
| 245 | 1 | 0 | |a <The> Effect of ethics on banks' financial performance |c Radek Halamka, Petr Teplý |
| 520 | |a Pohľad na danú tému z teoretického a empirického hľadiska. Identifikácia a porovnanie 69 etických bánk s konvenčnými bankami v oblasti aktív, volatility a návratnosti. Skúmanie hypotézy o vyššej ziskovosti etických bánk. | ||
| 610 | 2 | 0 | |a banky |
| 610 | 2 | 0 | |a etika |
| 610 | 2 | 0 | |a analýza empirická |
| 610 | 2 | 0 | |a výkonnosť |
| 610 | 2 | 0 | |a zisk ekonomický |
| 100 | 1 | |a Halamka, Radek | |
| 700 | 1 | |a Teplý, Petr | |